Fundamentals of natural gas : (Record no. 8219)

MARC details
000 -LEADER
fixed length control field 00993cam a2200313 i 4500
001 - CONTROL NUMBER
control field 19341348
005 - DATE AND TIME OF LATEST TRANSACTION
control field 20230319005620.0
008 - FIXED-LENGTH DATA ELEMENTS--GENERAL INFORMATION
fixed length control field 161019s2017 oku 001 0 eng
010 ## -
-- 2016042194
020 ## - INTERNATIONAL STANDARD BOOK NUMBER
International Standard Book Number 9781593703851
040 ## - CATALOGING SOURCE
Original cataloging agency DLC
Language of cataloging eng
Transcribing agency DLC
Description conventions rda
Modifying agency DLC
042 ## -
-- pcc
050 00 -
-- TN880
-- .C52 2017
082 00 - DEWEY DECIMAL CLASSIFICATION NUMBER
Edition number 23
100 1# - MAIN ENTRY--PERSONAL NAME
Personal name Chandra, Vivek,
Relator term author.
9 (RLIN) 577
245 10 - TITLE STATEMENT
Title Fundamentals of natural gas :
Remainder of title an international perspective /
Statement of responsibility, etc Vivek Chandra.
250 ## - EDITION STATEMENT
Edition statement 2nd edition.
264 #1 -
-- Tulsa, Oklahoma, USA :
-- PennWell,
-- [2017]
300 ## - PHYSICAL DESCRIPTION
Extent xi, 267 pages ;
Dimensions 24 cm
336 ## -
-- text
-- txt
-- rdacontent
337 ## -
-- unmediated
-- n
-- rdamedia
338 ## -
-- volume
-- nc
-- rdacarrier
500 ## -
-- Includes index.
650 #0 -
-- Natural gas.
-- 578
650 #0 -
-- Gas industry.
-- 579
906 ## -
-- 7
-- cbc
-- orignew
-- 1
-- ecip
-- 20
-- y-gencatlg
942 ## - ADDED ENTRY ELEMENTS (KOHA)
Source of classification or shelving scheme
Item type Book
-- 2nd
955 ## -
-- rk09 2016-10-19
-- rk09 2016-10-19
-- xn05 2017-05-23 1 copy rec'd., to CIP ver.

No items available.